000 00518nam a22002177a 4500
003 UA-OsUOA
001 42170
007 ta
008 20081127b un ||||| |||| 00| 0 ukr d
090 _a94(477).094
942 _cBK
040 _aUA-OsUOA
_bukr
_cUA-OsUOA
_dUA-OsUOA
245 _a50-ліття відділу УПА
300 _a62 с.
955 _a4
041 _aukr
080 _a94(477).094
260 _c2000
650 7 _a9 Географія. Біографії. Історія
_2UDC
999 _c440668
_d440668